|
|
|
|
| LEADER |
00000nab a2200000u 4500 |
| 001 |
vtls012253180 |
| 003 |
SK-MaSNL |
| 005 |
20260303215032.0 |
| 008 |
240320|2024 xo ||||||| || ||slo| |
| 038 |
|
|
|a KEVKJB
|
| 040 |
|
|
|a KEVKJB
|b slo
|e rda
|
| 041 |
0 |
|
|a slo
|
| 043 |
|
|
|a e-xo---
|
| 044 |
|
|
|a xo
|c SK
|
| 072 |
|
7 |
|a 352/354
|x Stupne miestnej, oblastnej a ústrednej správy
|2 konspekt
|
| 080 |
|
|
|a 352
|2 2011
|
| 100 |
1 |
|
|a Ogurčáková, Jana
|4 aut
|9 835010
|
| 245 |
1 |
0 |
|a Kvôli škole pre Volvo sa musí vysťahovať časť krízového centra. Radnica mu požičia budovu
|b zdevastované byty prenajmú nádznym, oprava je na pleciach nájomcu
|c Jana Ogurčáková
|
| 300 |
|
|
|b Fotografie
|
| 336 |
|
|
|a text
|b txt
|2 rdacontent
|
| 337 |
|
|
|a bez média
|b n
|2 rdamedia
|
| 338 |
|
|
|a zväzok
|b nc
|2 rdacarrier
|
| 610 |
1 |
7 |
|a Košice (Slovensko).
|b Magistrát
|2 SNKKA
|9 168631
|
| 650 |
0 |
7 |
|a krízové centrá
|2 SNKPH
|9 71377
|
| 651 |
|
7 |
|a Košice (Slovensko)
|2 SNKPHgeo
|9 18694
|
| 773 |
0 |
|
|t Korzár - SME
|g Roč. XXVII., č. 54 (2024), s. 11
|x 2585-7355
|
| 852 |
|
|
|a KEVKJB
|b KIS3GCP
|
| 856 |
4 |
1 |
|u https://kosice.korzar.sme.sk/c/23295536/kvoli-skole-pre-volvo-sa-musi-vystahovat-cast-krizoveho-centra-mesto-mu-pozicia-budovu.html
|
| 999 |
|
|
|c 2219778
|d 2221708
|